HSE to combat asbestos risks (Record no. 66034)

MARC details
000 -LEADER
fixed length control field 00914cam a2200205 4500
001 - CONTROL NUMBER
control field WB3706-05
008 - FIXED-LENGTH DATA ELEMENTS--GENERAL INFORMATION
fixed length control field 000000n2001 000 0 eng u
035 ## - SYSTEM CONTROL NUMBER
System control number (Sirsi) u110775
245 ## - TITLE STATEMENT
Title HSE to combat asbestos risks
260 ## - PUBLICATION, DISTRIBUTION, ETC.
Date of publication, distribution, etc. 2001
490 ## - SERIES STATEMENT
Series statement Contract Journal
Volume/sequential designation 407(6312) 31 January 2001, 4(1)
520 ## - SUMMARY, ETC.
Summary, etc. Health & Safety Executive is to launch a three year campaign to raise awareness of a proposed amendment to asbestos regulations which will help to reduce asbestos related deaths. There had been some criticism that the HSE is not doing enough to make contractors aware of this problem.
590 ## - LOCAL NOTE (RLIN)
Local note WB
650 ## - SUBJECT ADDED ENTRY--TOPICAL TERM
Topical term or geographic name entry element MANAGEMENT-HEALTH AND SAFETY-HAZARDOUS SUBSTANCES-ASBESTOS
650 ## - SUBJECT ADDED ENTRY--TOPICAL TERM
Topical term or geographic name entry element HEALTH AND SAFETY EXECUTIVE
650 ## - SUBJECT ADDED ENTRY--TOPICAL TERM
Topical term or geographic name entry element CONSTRUCTION WORKERS
650 ## - SUBJECT ADDED ENTRY--TOPICAL TERM
Topical term or geographic name entry element CONTROL OF ASBESTOS AT WORK (AMENDMENT) REGULATIONS 1998
690 ## - LOCAL SUBJECT ADDED ENTRY--TOPICAL TERM (OCLC, RLIN)
Topical term or geographic name as entry element BUILT ENVIRONMENT-BUILDING STANDARDS
942 ## - ADDED ENTRY ELEMENTS (KOHA)
Suppress in OPAC 0
Holdings
Withdrawn status Lost status Source of classification or shelving scheme Damaged status Not for loan Home library Current library Shelving location Date acquired Total Checkouts Full call number Barcode Date last seen Copy number Price effective from Koha item type
    Dewey Decimal Classification     London London News article 06/02/2001   WB3706-05 110775-1001 06/08/2019 1 06/08/2019 News article